[Event "Wch U20 53rd"]
[Site "Pune"]
[Date "2014.10.19"]
[Round "13"]
[White "Rindlisbacher, Jan"]
[Black "Manush, Shah"]
[Result "0-1"]
[WhiteElo "2217"]
[BlackElo "2038"]
[PlyCount "88"]
[EventDate "2014.10.06"]
[EventType "swiss"]
[EventRounds "13"]
[EventCountry "IND"]
[SourceTitle "EXT 2015"]
[Source "ChessBase"]
[SourceDate "2014.11.20"]
[SourceVersion "1"]
[SourceVersionDate "2014.11.20"]
[SourceQuality "1"]

1. d4 d5 2. c4 c6 3. Nc3 Nf6 4. Nf3 e6 5. e3 Nbd7 6. Qc2 Bd6 7. g4 h6 8. h3 Qe7 9. Bd2 b6 10. cxd5 exd5 11. 0-0-0 Bb7 12. Bd3 c5 13. Nh4 c4 14. Nf5 cxd3 15. Qa4 Qf8 16. Nb5 Ne4 17. Nfxd6+ Nxd6 18. Bb4 Rc8+ 19. Kb1 Bc6 20. Rc1 Nc5 21. dxc5 Bxb5 22. Qb3 bxc5 23. Bxc5 Bc4 24. Qa4+ Ke7 25. Qxa7+ Ke6 26. f4 f5 27. Rxc4 dxc4 28. e4 Rxc5 29. Qxc5 fxe4 30. f5+ Kd7 31. Qa7+ Kd8 32. Qa8+ Kc7 33. Qa5+ Kb8 34. Rc1 Qd8 35. Qb4+ Nb7 36. Qxc4 Re8 37. Rd1 d2 38. a3 e3 39. Qe2 Qd4 40. h4 Qe4+ 41. Ka2 Qc2 42. g5 Qxd1 43. Qxd1 e2 44. Qxd2 e1Q 0-1

[Event "Wch U20 53rd"]
[Site "Pune"]
[Date "2014.10.15"]
[Round "9"]
[White "Rindlisbacher, Jan"]
[Black "Krishna Teja, N."]
[Result "1/2-1/2"]
[WhiteElo "2217"]
[BlackElo "2049"]
[PlyCount "60"]
[EventDate "2014.10.06"]
[EventType "swiss"]
[EventRounds "13"]
[EventCountry "IND"]
[SourceTitle "EXT 2015"]
[Source "ChessBase"]
[SourceDate "2014.11.20"]
[SourceVersion "1"]
[SourceVersionDate "2014.11.20"]
[SourceQuality "1"]

1. d4 Nf6 2. c4 c5 3. d5 b5 4. cxb5 a6 5. b6 e6 6. Nc3 Nxd5 7. Nxd5 exd5 8. Qxd5 Nc6 9. e4 Be7 10. Bc4 0-0 11. Ne2 Rb8 12. 0-0 Rxb6 13. Qd1 Bf6 14. Nc3 Rb4 15. Bd5 Nd4 16. Rb1 d6 17. Be3 Be6 18. a3 Rb8 19. b4 cxb4 20. axb4 Nb5 21. Nxb5 axb5 22. Bxe6 fxe6 23. Qb3 Qe7 24. f4 Rfc8 25. e5 dxe5 26. Bc5 Rxc5 27. bxc5 Qxc5+ 28. Kh1 Qd5 29. fxe5 Bxe5 30. Qxd5 exd5 1/2-1/2

[Event "SUI-chT"]
[Site "Switzerland"]
[Date "2014.09.06"]
[Round "6.6"]
[White "Rindlisbacher, Lars"]
[Black "Rindlisbacher, Jan"]
[Result "1-0"]
[WhiteElo "2320"]
[BlackElo "2256"]
[PlyCount "71"]
[EventDate "2014.03.16"]
[EventType "team-tourn"]
[EventRounds "9"]
[EventCountry "SUI"]
[SourceTitle "EXT 2015"]
[Source "ChessBase"]
[SourceDate "2014.11.20"]
[SourceVersion "1"]
[SourceVersionDate "2014.11.20"]
[SourceQuality "1"]
[WhiteTeam "Zuerich"]
[BlackTeam "Trubschachen"]
[WhiteTeamCountry "SUI"]
[BlackTeamCountry "SUI"]

1. d4 Nf6 2. Nf3 e6 3. c4 Bb4+ 4. Nbd2 0-0 5. a3 Be7 6. e4 d5 7. e5 Nfd7 8. b4 a5 9. b5 c5 10. Bb2 cxd4 11. cxd5 exd5 12. Be2 Nc5 13. Nxd4 Nbd7 14. f4 Nb6 15. a4 f6 16. exf6 Bxf6 17. 0-0 Ne6 18. N2b3 Nc4 19. Nxe6 Bxe6 20. Bd4 Bf7 21. Nc5 Re8 22. Nxb7 Bxd4+ 23. Qxd4 Qc7 24. Bxc4 Re4 25. Qc5 Rxc4 26. Qxc7 Rxc7 27. Nd6 Rd7 28. Nxf7 Kxf7 29. Rab1 Ke6 30. b6 Rb7 31. Rb5 Rab8 32. Re1+ Kf5 33. Rxd5+ Kxf4 34. g3+ Kf3 35. Rd4 g5 36. Rde4 1-0

[Event "SUI-chT"]
[Site "Switzerland"]
[Date "2014.06.29"]
[Round "5.3"]
[White "Edouard, Romain"]
[Black "Rindlisbacher, Jan"]
[Result "1-0"]
[WhiteElo "2654"]
[BlackElo "2256"]
[PlyCount "69"]
[EventDate "2014.03.16"]
[EventType "team-tourn"]
[EventRounds "9"]
[EventCountry "SUI"]
[SourceTitle "EXT 2015"]
[Source "ChessBase"]
[SourceDate "2014.11.20"]
[SourceVersion "1"]
[SourceVersionDate "2014.11.20"]
[SourceQuality "1"]
[WhiteTeam "Geneve"]
[BlackTeam "Trubschachen"]
[WhiteTeamCountry "SUI"]
[BlackTeamCountry "SUI"]

1. Nf3 Nf6 2. c4 e6 3. Nc3 Bb4 4. d4 b6 5. Qb3 a5 6. g3 Bb7 7. Bg2 0-0 8. 0-0 d6 9. Na4 d5 10. c5 b5 11. Nc3 Bxc3 12. bxc3 Ba6 13. Ne5 Qe8 14. Bg5 Ne4 15. Bf4 Nc6 16. f3 Nf6 17. Rfe1 b4 18. e4 Nxe5 19. Bxe5 Bc4 20. Qc2 Qc6 21. Bxf6 gxf6 22. f4 Rab8 23. cxb4 Rxb4 24. a3 Rb5 25. e5 Bb3 26. Qe2 f5 27. g4 Kh8 28. gxf5 Rg8 29. Qh5 Bc4 30. Qxf7 exf5 31. Rab1 Bd3 32. Rxb5 Qxb5 33. Qf6+ Rg7 34. Kh1 Qb2 35. Bxd5 1-0

[Event "SUI-chT"]
[Site "Switzerland"]
[Date "2014.03.30"]
[Round "2.5"]
[White "Rindlisbacher, Jan"]
[Black "Georgiadis, Ioannis"]
[Result "1/2-1/2"]
[WhiteElo "2256"]
[BlackElo "2476"]
[PlyCount "132"]
[EventDate "2014.03.16"]
[EventType "team-tourn"]
[EventRounds "9"]
[EventCountry "SUI"]
[SourceTitle "EXT 2015"]
[Source "ChessBase"]
[SourceDate "2014.11.20"]
[SourceVersion "1"]
[SourceVersionDate "2014.11.20"]
[SourceQuality "1"]
[WhiteTeam "Trubschachen"]
[BlackTeam "Reti"]
[WhiteTeamCountry "SUI"]
[BlackTeamCountry "SUI"]

1. d4 Nf6 2. c4 e6 3. Nf3 b6 4. g3 Bb7 5. Bg2 Be7 6. 0-0 0-0 7. Nc3 Ne4 8. Nxe4 Bxe4 9. Ne1 Bxg2 10. Nxg2 d5 11. cxd5 Qxd5 12. Bf4 Bf6 13. Bxc7 Qxd4 14. Qxd4 Bxd4 15. Rab1 Na6 16. Bf4 Rac8 17. Rfd1 Rfd8 18. Kf1 Kf8 19. Bg5 f6 20. Be3 Be5 21. Rxd8+ Rxd8 22. Bf4 Bxf4 23. Nxf4 Ke7 24. Nd3 e5 25. f3 Rd4 26. b4 Kd6 27. Rb3 Nc7 28. Rc3 e4 29. fxe4 Rxe4 30. Kf2 Nd5 31. Ra3 Re7 32. e4 Rxe4 33. Rxa7 Nxb4 34. Kf3 Nc6 35. Rxg7 Ra4 36. Rxh7 Ra3 37. Ke2 Rxa2+ 38. Ke3 Ra3 39. Kd2 Na5 40. Kc2 Nc4 41. Rf7 Ne3+ 42. Kd2 Nd5 43. Nf4 Ra2+ 44. Kd3 Nxf4+ 45. gxf4 Ke6 46. Rc7 Kf5 47. Rc6 b5 48. Ke3 Ra3+ 49. Ke2 Rb3 50. Rb6 Rb4 51. Kd3 Rb1 52. Ke3 b4 53. h3 Re1+ 54. Kf3 Rf1+ 55. Ke3 Rb1 56. Rb5+ Ke6 57. Kd4 Rf1 58. Ke4 f5+ 59. Ke3 Re1+ 60. Kf3 Rb1 61. Ke3 b3 62. Kd4 b2 63. Rb6+ Kf7 64. Kc3 Rf1 65. Kxb2 Rxf4 66. Kc3 Re4 1/2-1/2

[Event "Gibraltar Masters 12th"]
[Site "Caleta"]
[Date "2014.02.05"]
[Round "9"]
[White "Rindlisbacher, Jan"]
[Black "Verneuil, Pascal"]
[Result "1/2-1/2"]
[WhiteElo "2249"]
[BlackElo "2065"]
[PlyCount "108"]
[EventDate "2014.01.28"]
[EventType "swiss"]
[EventRounds "10"]
[EventCountry "GGB"]
[SourceTitle "CBM 159"]
[Source "ChessBase"]
[SourceDate "2014.03.17"]
[SourceVersion "1"]
[SourceVersionDate "2014.03.17"]
[SourceQuality "1"]

1. d4 d5 2. c4 c6 3. Nc3 Nf6 4. Nf3 a6 5. c5 Nbd7 6. Bf4 Nh5 7. Bd2 e5 8. Nxe5 Nxe5 9. dxe5 Bxc5 10. e4 g6 11. Be2 Ng7 12. exd5 cxd5 13. 0-0 0-0 14. Bf3 d4 15. Nd5 Be6 16. Nf6+ Kh8 17. Qc1 Be7 18. Bb4 Bxf6 19. exf6 Qxf6 20. Bxf8 Rxf8 21. Bxb7 Bf5 22. Qc4 Ne6 23. Rad1 Rd8 24. Rfe1 Nf4 25. Rd2 h5 26. Red1 h4 27. Rxd4 Rxd4 28. Rxd4 Ne2+ 29. Qxe2 Qxd4 30. Bxa6 Be6 31. a3 h3 32. gxh3 Kg8 33. Kg2 Bd5+ 34. f3 Qf6 35. Bd3 Qg5+ 36. Kh1 Qc1+ 37. Kg2 Qg5+ 38. Kf1 Be6 39. Ke1 Qc1+ 40. Kf2 Qf4 41. Kg2 Qg5+ 42. Kh1 Qc1+ 43. Qf1 Qxb2 44. a4 Qd2 45. Qe2 Qc1+ 46. Qf1 Qd2 47. Bc4 Bd7 48. Bb5 Be6 49. Qd3 Qg5 50. Qf1 Qh4 51. a5 Bxh3 52. Qg1 Qf6 53. Qd1 Qg5 54. Bf1 Bxf1 1/2-1/2

[Event "Gibraltar Masters 12th"]
[Site "Caleta"]
[Date "2014.02.02"]
[Round "6"]
[White "Docx, Stefan"]
[Black "Rindlisbacher, Jan"]
[Result "1-0"]
[WhiteElo "2468"]
[BlackElo "2249"]
[PlyCount "59"]
[EventDate "2014.01.28"]
[EventType "swiss"]
[EventRounds "10"]
[EventCountry "GGB"]
[SourceTitle "CBM 159"]
[Source "ChessBase"]
[SourceDate "2014.03.17"]
[SourceVersion "1"]
[SourceVersionDate "2014.03.17"]
[SourceQuality "1"]

1. d4 Nf6 2. c4 e6 3. Nc3 Bb4 4. e3 0-0 5. Bd3 d5 6. cxd5 exd5 7. Nge2 Re8 8. Bd2 c5 9. 0-0 Nc6 10. a3 Bxc3 11. bxc3 c4 12. Bc2 h5 13. f3 Bd7 14. Qe1 Qc8 15. e4 dxe4 16. fxe4 Nxe4 17. Ng3 Nd6 18. Qf2 h4 19. Nh5 Qd8 20. Qf4 Re2 21. Qxd6 Rxg2+ 22. Kh1 Nxd4 23. Be4 Rxd2 24. Rg1 Bg4 25. Qe5 f6 26. Nxf6+ Qxf6 27. Qxf6 gxf6 28. Rxg4+ Kf8 29. cxd4 Rxd4 30. Rxh4 1-0

[Event "Gibraltar Masters 12th"]
[Site "Caleta"]
[Date "2014.01.30"]
[Round "3"]
[White "Rindlisbacher, Jan"]
[Black "Hambleton, Aman"]
[Result "1/2-1/2"]
[WhiteElo "2249"]
[BlackElo "2481"]
[PlyCount "60"]
[EventDate "2014.01.28"]
[EventType "swiss"]
[EventRounds "10"]
[EventCountry "GGB"]
[SourceTitle "CBM 159"]
[Source "ChessBase"]
[SourceDate "2014.03.17"]
[SourceVersion "1"]
[SourceVersionDate "2014.03.17"]
[SourceQuality "1"]

1. d4 e6 2. c4 Nf6 3. Nf3 b6 4. g3 Ba6 5. b3 Bb7 6. Bg2 Bb4+ 7. Bd2 c5 8. Bxb4 cxb4 9. Qd3 0-0 10. Nbd2 d6 11. 0-0 a5 12. e4 e5 13. Ne1 Re8 14. Nc2 Nc6 15. d5 Nb8 16. a3 bxa3 17. Rxa3 Na6 18. Qc3 Qc7 19. Rb1 Nd7 20. Raa1 Ndc5 21. b4 axb4 22. Nxb4 Nxb4 23. Qxb4 Rxa1 24. Rxa1 Rb8 25. Ra7 Ra8 26. Rxa8+ Bxa8 27. Nb3 Bb7 28. Nxc5 bxc5 29. Qb5 Kf8 30. Bh3 Ke7 1/2-1/2

[Event "Biel MTO op 46th"]
[Site "Biel"]
[Date "2013.07.25"]
[Round "4"]
[White "Antipov, Mikhail Al"]
[Black "Rindlisbacher, Jan"]
[Result "1-0"]
[WhiteElo "2490"]
[BlackElo "2219"]
[PlyCount "51"]
[EventDate "2013.07.22"]
[EventType "swiss"]
[EventRounds "11"]
[EventCountry "SUI"]
[SourceTitle "CBM 155 Extra"]
[Source "ChessBase"]
[SourceDate "2013.08.26"]
[SourceVersion "1"]
[SourceVersionDate "2013.08.26"]
[SourceQuality "1"]

1. e4 e5 2. Nf3 Nc6 3. Bb5 a6 4. Ba4 Nf6 5. 0-0 Be7 6. Re1 b5 7. Bb3 0-0 8. a4 b4 9. d3 Bb7 10. Nbd2 d5 11. exd5 Nxd5 12. Nc4 Bf6 13. Ncxe5 Nxe5 14. Nxe5 Re8 15. Nc4 Rxe1+ 16. Qxe1 Qd7 17. Bd2 Re8 18. Qf1 h5 19. Re1 Bc6 20. a5 Rxe1 21. Qxe1 Qg4 22. h3 Qd7 23. Ne5 Qd6 24. Nxc6 Qxc6 25. Qe4 Ne7 26. Qxb4 1-0

[Event "Biel MTO op 46th"]
[Site "Biel"]
[Date "2013.07.22"]
[Round "1"]
[White "Rindlisbacher, Jan"]
[Black "Salem, AR Saleh"]
[Result "0-1"]
[WhiteElo "2219"]
[BlackElo "2531"]
[PlyCount "52"]
[EventDate "2013.07.22"]
[EventType "swiss"]
[EventRounds "11"]
[EventCountry "SUI"]
[SourceTitle "CBM 155 Extra"]
[Source "ChessBase"]
[SourceDate "2013.08.26"]
[SourceVersion "1"]
[SourceVersionDate "2013.08.26"]
[SourceQuality "1"]

1. d4 Nf6 2. c4 g6 3. Nc3 d5 4. cxd5 Nxd5 5. e4 Nxc3 6. bxc3 Bg7 7. Nf3 c5 8. Be3 0-0 9. Rc1 Qa5 10. Qd2 Bg4 11. d5 Na6 12. Bxa6 Qxa6 13. c4 e6 14. 0-0 exd5 15. Bxc5 Rfe8 16. exd5 Re4 17. Qd3 Bf5 18. Qa3 Qxa3 19. Bxa3 Rc8 20. Rfe1 Bh6 21. Rcd1 Rexc4 22. d6 Bf8 23. d7 Bxd7 24. Ne5 Bxa3 25. Nxc4 Bb4 26. Nd2 Ba4 0-1

[Event "EU-ch 14th"]
[Site "Legnica"]
[Date "2013.05.14"]
[Round "9"]
[White "Svane, Rasmus"]
[Black "Rindlisbacher, Jan"]
[Result "1-0"]
[WhiteElo "2440"]
[BlackElo "2241"]
[PlyCount "109"]
[EventDate "2013.05.05"]
[EventType "swiss"]
[EventRounds "11"]
[EventCountry "POL"]
[SourceTitle "CBM 155"]
[Source "ChessBase"]
[SourceDate "2013.07.16"]
[SourceVersion "1"]
[SourceVersionDate "2013.07.16"]
[SourceQuality "1"]

1. Nf3 Nf6 2. c4 e6 3. g3 b6 4. Bg2 Bb7 5. 0-0 c5 6. d4 cxd4 7. Qxd4 Be7 8. Nc3 0-0 9. Bg5 d5 10. cxd5 Nxd5 11. Nxd5 Bxd5 12. Bxe7 Qxe7 13. Rfc1 Rd8 14. Qa4 Qb7 15. Qf4 Na6 16. b4 f6 17. a3 e5 18. Qe3 Nc7 19. Rc2 Ne6 20. Rac1 Rac8 21. Rxc8 Rxc8 22. h4 Kf8 23. Rxc8+ Qxc8 24. Kh2 Bxf3 25. Qxf3 Nd4 26. Qe4 g6 27. e3 Ne6 28. Qd5 Ke7 29. Bh3 Qd7 30. Qe4 Qc7 31. Qa8 f5 32. Bg2 Kf6 33. Qh8+ Qg7 34. Qd8+ Qe7 35. Qh8+ Qg7 36. Qe8 Qe7 37. Qb5 h6 38. Bf1 g5 39. hxg5+ hxg5 40. Bc4 Qc7 41. Qd5 Qf7 42. g4 f4 43. Kg2 Qe7 44. Qc6 Kf7 45. Kf3 Kf6 46. Bb3 Qf7 47. b5 Qe7 48. Bxe6 Qxe6 49. Qxe6+ Kxe6 50. exf4 exf4 51. Ke4 Kd6 52. Kf5 Kd5 53. Kxg5 Ke4 54. Kf6 Kf3 55. Kf5 1-0

[Event "EU-ch 14th"]
[Site "Legnica"]
[Date "2013.05.08"]
[Round "4"]
[White "Rindlisbacher, Jan"]
[Black "Pacher, Milan"]
[Result "0-1"]
[WhiteElo "2241"]
[BlackElo "2470"]
[PlyCount "56"]
[EventDate "2013.05.05"]
[EventType "swiss"]
[EventRounds "11"]
[EventCountry "POL"]
[SourceTitle "CBM 155"]
[Source "ChessBase"]
[SourceDate "2013.07.16"]
[SourceVersion "1"]
[SourceVersionDate "2013.07.16"]
[SourceQuality "1"]

1. d4 Nf6 2. c4 e6 3. Nf3 b6 4. g3 Ba6 5. b3 Bb4+ 6. Bd2 Be7 7. Bg2 c6 8. 0-0 d5 9. Qc2 0-0 10. Rd1 Nbd7 11. a4 Rc8 12. a5 c5 13. axb6 Qxb6 14. Qa2 Bb7 15. Qxa7 Qxb3 16. Qa4 dxc4 17. Qxb3 cxb3 18. Ra7 Bxf3 19. Bxf3 cxd4 20. Bg5 Bc5 21. Rb7 Rb8 22. Bxf6 Nxf6 23. Rd3 Rxb7 24. Bxb7 b2 25. Rd2 Rb8 26. Rxb2 Ne4 27. Rb3 Ba7 28. Bd5 exd5 0-1

[Event "Wch U18"]
[Site "Maribor"]
[Date "2012.11.11"]
[Round "4.17"]
[White "Tomazini, Zan"]
[Black "Rindlisbacher, Jan"]
[Result "1-0"]
[WhiteElo "2368"]
[BlackElo "2246"]
[PlyCount "77"]
[EventDate "2012.11.08"]
[EventType "swiss"]
[EventRounds "11"]
[EventCountry "SLO"]
[SourceTitle "EXT 2013"]
[Source "ChessBase"]
[SourceDate "2012.11.22"]
[SourceVersion "1"]
[SourceVersionDate "2012.11.22"]
[SourceQuality "1"]

1. e4 e5 2. Nf3 Nc6 3. d4 exd4 4. Nxd4 Nf6 5. Nxc6 bxc6 6. e5 Qe7 7. Qe2 Nd5 8. c4 Ba6 9. Nd2 g6 10. Nf3 Qb4+ 11. Kd1 Nb6 12. b3 Bg7 13. Qd2 Qe7 14. Bb2 0-0 15. Kc2 c5 16. Bd3 Bb7 17. Rae1 a5 18. a4 Rfb8 19. h4 Bc6 20. h5 Ra7 21. hxg6 fxg6 22. Ng5 Bxa4 23. bxa4 Nxa4 24. Ba1 Rab7 25. Kc1 h6 26. Ne4 Nb2 27. Nc3 Bxe5 28. Bxb2 Rxb2 29. Qxh6 Qg7 30. Qxg7+ Bxg7 31. Re8+ Kf7 32. Rxb8 Rxb8 33. Kc2 Rb4 34. Ra1 a4 35. Ra2 Bxc3 36. Kxc3 Rb3+ 37. Kc2 Rb4 38. Rb2 d6 39. Kc3 1-0

[Event "Wch U18"]
[Site "Caldas Novas"]
[Date "2011.11.20"]
[Round "3"]
[White "Rindlisbacher, Jan"]
[Black "Olson, Hamish"]
[Result "1-0"]
[WhiteElo "2198"]
[BlackElo "1965"]
[PlyCount "75"]
[EventDate "2011.11.18"]
[EventType "swiss"]
[EventRounds "9"]
[EventCountry "BRA"]
[SourceTitle "EXT 2013"]
[Source "ChessBase"]
[SourceDate "2012.11.22"]
[SourceVersion "1"]
[SourceVersionDate "2012.11.22"]
[SourceQuality "1"]

1. d4 Nf6 2. c4 g6 3. Nc3 Bg7 4. e4 0-0 5. Nf3 d6 6. Be2 e5 7. 0-0 Nc6 8. d5 Ne7 9. b4 Nh5 10. c5 f5 11. Qb3 Nf4 12. Bxf4 exf4 13. e5 Kh8 14. cxd6 cxd6 15. exd6 Qxd6 16. Nb5 Qxd5 17. Bc4 Qc6 18. Rae1 Ng8 19. Ng5 f3 20. gxf3 Nh6 21. Ne6 Bxe6 22. Rxe6 Qc8 23. Rd1 a6 24. Nd6 Qc7 25. b5 axb5 26. Nxb5 Qf4 27. Rde1 Nf7 28. Bf1 Be5 29. Bg2 Qxh2+ 30. Kf1 Rad8 31. Re7 h5 32. Rxf7 h4 33. Rxf8+ Rxf8 34. Qe3 Bf4 35. Qd4+ Kh7 36. Re7+ Kh6 37. Qg7+ Kg5 38. Re6 1-0

[Event "World ol U16 09th"]
[Site "Burdur"]
[Date "2010.11.30"]
[Round "6"]
[White "Rindlisbacher, Jan"]
[Black "Jayasundara, PK Udith Madusank"]
[Result "1/2-1/2"]
[WhiteElo "2155"]
[BlackElo "1963"]
[PlyCount "100"]
[EventDate "2010.11.27"]
[EventType "team-swiss"]
[EventRounds "10"]
[EventCountry "TUR"]
[SourceTitle "CBM 139 Extra"]
[Source "ChessBase"]
[SourceDate "2011.01.05"]
[SourceVersion "1"]
[SourceVersionDate "2011.01.05"]
[SourceQuality "1"]
[WhiteTeam "Switzerland"]
[BlackTeam "Sri Lanka"]
[WhiteTeamCountry "SUI"]
[BlackTeamCountry "SRI"]

1. d4 Nf6 2. c4 e6 3. Nf3 b6 4. g3 Ba6 5. b3 Bb4+ 6. Bd2 c5 7. Bg2 Bb7 8. Bxb4 cxb4 9. Nbd2 0-0 10. Qc2 d6 11. e4 Nbd7 12. 0-0 e5 13. Bh3 Re8 14. d5 Nc5 15. a3 bxa3 16. b4 Ncd7 17. Rxa3 a5 18. Rfa1 Qc7 19. Bxd7 Nxd7 20. Qc3 axb4 21. Qxb4 Rxa3 22. Rxa3 Qc5 23. Qa4 Qc7 24. Qb5 Ra8 25. Rxa8+ Bxa8 26. Ne1 Kf8 27. Nd3 g6 28. f4 f6 29. fxe5 fxe5 30. Nf3 h6 31. Qb4 Kg7 32. g4 Bb7 33. Kg2 Ba6 34. Nd2 Nc5 35. Nxc5 Qxc5 36. Qa4 Bc8 37. Qa7+ Kg8 38. Qb8 Kg7 39. h3 h5 40. Qa7+ Kg8 41. Nf3 hxg4 42. hxg4 Qe3 43. Qb8 Qc5 44. Ng5 Qxc4 45. Ne6 Qxe4+ 46. Kg3 Qe3+ 47. Kh4 Qh6+ 48. Kg3 Qe3+ 49. Kh4 Qh6+ 50. Kg3 Qe3+ 1/2-1/2